Advanced practical cookery

Na minha lista:
Detalhes bibliográficos
Autor principal: Ceserani, Victor
Outros Autores: Kinton, Ronald, Foskett, David
Formato: Livro
Idioma:inglês
Publicado em: London Hodder & Stoughton 1997
Edição:2. ed.
Assuntos:
Tags: Adicionar Tag
Sem tags, seja o primeiro a adicionar uma tag!

MARC

LEADER 00000nam a2200000 4500
001 c132732
005 20221124074415.3
020 |a 0-340-70188-9 
041 0 |a eng 
044 |a GB 
245 1 0 |a Advanced practical cookery  |c Victor Ceserani, Ronald Kinton, David Foskett 
250 |a 2. ed. 
264 1 |a London  |b Hodder & Stoughton  |c 1997 
300 |a 570 s. 
610 2 0 |a stravovanie spoločné 
610 2 0 |a potraviny 
610 2 0 |a výživa 
610 2 0 |a poradenstvo 
100 1 |a Ceserani, Victor 
700 1 |a Kinton, Ronald 
700 1 |a Foskett, David